00762cam a22002051 450000100100000000500170001000800410002704000370006808200170010510000390012224500700016125000110023126000540024230000350029649000560033150400740038765100330046165000240049483000380051800001927020240508191012.0731128s1948 fr b 000 0 fre c aDO-SdBNPcNhDdOCoLCdDLCdBNPHU a940.2bP879d1 aPouthas, Charles Hippolyte,d1886-10aDemocraties et capitalisme (1848-1860) /cpar Charles-H. Pouthas. a2a ed. aParis :bPresses universitaires de France,c1948. a2 p. l., 639, [1] p. ;c22 cm.1 aPeuples et civilisations; histoire generale.v[XVI] aIncluye referencias bibliográficas y notas al pie de las páginas. 0aEuropaxHistoriay1848-1871. 0aPolítica mundial  0aPeuples et civilisations ;v[XVI]